|
|
|
|
| LEADER |
01065pam a22003018a 4500 |
| 001 |
00037659 |
| 005 |
20171026081025.0 |
| 008 |
170513s2012 ||||||Viesd |
| 041 |
0 |
# |
|a Vie
|
| 082 |
1 |
4 |
|a 372.21
|b H561D
|
| 245 |
1 |
0 |
|a Hướng dẫn các hoạt động phát triển nhận thức cho trẻ mầm non
|b Theo bộ chuẩn phát triển trẻ 5 tuổi
|c Trần Lan Hương...[và những người khác]
|
| 260 |
# |
# |
|a H.
|b Giáo dục Việt Nam
|c 2012
|
| 300 |
# |
# |
|a 59 tr.
|c 24 cm
|
| 653 |
# |
# |
|a Mầm non
|
| 653 |
# |
# |
|a Hoạt động
|
| 653 |
# |
# |
|a Giáo dục
|
| 653 |
# |
# |
|a Nhận thức
|
| 700 |
1 |
# |
|a Nguyễn, Thị Thanh Thủy
|
| 700 |
1 |
# |
|a Nguyễn, Thị Thư
|
| 700 |
1 |
# |
|a Trần, Lan Hương
|
| 700 |
1 |
# |
|a Trần, Thị Nga
|
| 852 |
# |
# |
|b Kho mượn
|j KM.0021971
|
| 852 |
# |
# |
|b Kho đọc
|j KD.0021263
|
| 852 |
# |
# |
|j KM.0021971
|j KD.0021263
|
| 910 |
|
|
|d 13/05/2017
|
| 980 |
# |
# |
|a Trung tâm Học liệu Lê Vũ Hùng, Trường Đại học Đồng Tháp
|